Music, sound and filmmakers (Record no. 5314)

MARC details
000 -CABECERA
campo de control de longitud fija 04172nam a2200637Ia 4500
001 - NÚMERO DE CONTROL
campo de control 991106936646806196
005 - FECHA Y HORA DE LA ÚLTIMA TRANSACCIÓN
campo de control 20260128124206.0
006 - CÓDIGOS DE INFORMACIÓN DE LONGITUD FIJA--CARACTERÍSTICAS DEL MATERIAL ADICIONAL
campo de control de longitud fija m o d
007 - CAMPO FIJO DE DESCRIPCIÓN FÍSICA--INFORMACIÓN GENERAL
campo de control de longitud fija cr#cn|||||||||
008 - DATOS DE LONGITUD FIJA--INFORMACIÓN GENERAL
campo de control de longitud fija 111013s2012 nyu ob 001 0 eng d
020 ## - NÚMERO INTERNACIONAL ESTÁNDAR DEL LIBRO
Número Internacional Estándar del Libro 9780415898942
024 7# - IDENTIFICADOR DE OTROS ESTÁNDARES
Número estándar o código 10.4324/9780203343098
Fuente del número o código doi
035 ## - NÚMERO DE CONTROL DEL SISTEMA
Número de control de sistema (CKB)2670000000203542
035 ## - NÚMERO DE CONTROL DEL SISTEMA
Número de control de sistema (OCoLC)795123444
035 ## - NÚMERO DE CONTROL DEL SISTEMA
Número de control de sistema (CaPaEBR)ebrary10566980
035 ## - NÚMERO DE CONTROL DEL SISTEMA
Número de control de sistema (SSID)ssj0000696193
035 ## - NÚMERO DE CONTROL DEL SISTEMA
Número de control de sistema (PQKBManifestationID)11441301
035 ## - NÚMERO DE CONTROL DEL SISTEMA
Número de control de sistema (PQKBTitleCode)TC0000696193
035 ## - NÚMERO DE CONTROL DEL SISTEMA
Número de control de sistema (PQKBWorkID)10678517
035 ## - NÚMERO DE CONTROL DEL SISTEMA
Número de control de sistema (PQKB)10477159
035 ## - NÚMERO DE CONTROL DEL SISTEMA
Número de control de sistema (SSID)ssj0000691698
035 ## - NÚMERO DE CONTROL DEL SISTEMA
Número de control de sistema (PQKBManifestationID)12264326
035 ## - NÚMERO DE CONTROL DEL SISTEMA
Número de control de sistema (PQKBTitleCode)TC0000691698
035 ## - NÚMERO DE CONTROL DEL SISTEMA
Número de control de sistema (PQKBWorkID)10635336
035 ## - NÚMERO DE CONTROL DEL SISTEMA
Número de control de sistema (PQKB)11327447
035 ## - NÚMERO DE CONTROL DEL SISTEMA
Número de control de sistema (MiAaPQ)EBC958779
035 ## - NÚMERO DE CONTROL DEL SISTEMA
Número de control de sistema (Au-PeEL)EBL958779
035 ## - NÚMERO DE CONTROL DEL SISTEMA
Número de control de sistema (CaPaEBR)ebr10566980
035 ## - NÚMERO DE CONTROL DEL SISTEMA
Número de control de sistema (CaONFJC)MIL364169
035 ## - NÚMERO DE CONTROL DEL SISTEMA
Número de control de sistema (OCoLC)798530361
035 ## - NÚMERO DE CONTROL DEL SISTEMA
Número de control de sistema (OCoLC)724641133
035 ## - NÚMERO DE CONTROL DEL SISTEMA
Número de control de sistema (FINmELB)ELB139094
035 ## - NÚMERO DE CONTROL DEL SISTEMA
Número de control de sistema (OCoLC)1264209439
035 ## - NÚMERO DE CONTROL DEL SISTEMA
Número de control de sistema (CaBNVSL)9780203343098
035 ## - NÚMERO DE CONTROL DEL SISTEMA
Número de control de sistema (CaBNVSL)BP9780203343098BM&S
035 ## - NÚMERO DE CONTROL DEL SISTEMA
Número de control de sistema (EXLCZ)992670000000203542
040 ## - FUENTE DE LA CATALOGACIÓN
Centro catalogador/agencia de origen EBLCP
Lengua de catalogación eng
Normas de descripción rda
Centro/agencia transcriptor CaBNVSL
Centro/agencia modificador CaBNVSL
041 ## - CÓDIGO DE LENGUA
Código de lengua del texto/banda sonora o título independiente eng
245 00 - MENCIÓN DE TÍTULO
Título Music, sound and filmmakers
Resto del título : sonic style in cinema
Mención de responsabilidad, etc. / edited by James Wierzbicki.
250 ## - MENCIÓN DE EDICIÓN
Mención de edición First edition.
264 #1 - PRODUCCIÓN, PUBLICACIÓN, DISTRIBUCIÓN, FABRICACIÓN Y COPYRIGHT
Producción, publicación, distribución, fabricación y copyright London, England :
Nombre del de productor, editor, distribuidor, fabricante Zed Books,
Fecha de producción, publicación, distribución, fabricación o copyright 2012.
264 #2 - PRODUCCIÓN, PUBLICACIÓN, DISTRIBUCIÓN, FABRICACIÓN Y COPYRIGHT
Producción, publicación, distribución, fabricación y copyright [London, England] :
Nombre del de productor, editor, distribuidor, fabricante Bloomsbury Publishing,
Fecha de producción, publicación, distribución, fabricación o copyright 2021
300 ## - DESCRIPCIÓN FÍSICA
Extensión 227 pages
490 1# - MENCIÓN DE SERIE
Mención de serie Routledge music and screen media series
500 ## - NOTA GENERAL
Nota general Bibliographic Level Mode of Issuance: Monograph
504 ## - NOTA DE BIBLIOGRAFÍA, ETC.
Nota de bibliografía, etc. Includes bibliographical references and index.
505 0# - NOTA DE CONTENIDO CON FORMATO
Nota de contenido con formato Sonic Style in Cinema — Music, Sound, and Silence in the Films of Ingmar Bergman — Andrey Tarkovsky; The Refrain of the Sonic Fingerprint — “It’s All Really Happening”: Sonic Shaping in the Films of Wes Anderson — Kieślowski’s musique concrète — Gus Van Sant’s Soundwalks and Audio-visual musique concrète — Blowin’ in the Wind: Music and Meaning in the Coen Brothers’ Films — Sound and Uncertainty in the Horror Films of the Lewton Unit — Conducting the Composer: David O. Selznick and the Hollywood Film Score — The Stanley Kubrick Experience: Music, Firecrackers, Disorientation, and You — The Filmmaker’s Contract: Controlling Sonic Space in the Films of Peter Greenaway — The Attractions of Repetition: Tarantino’s Sonic Style — Dream Timbre: Notes on Lynchian Sound Design.
505 8# - NOTA DE CONTENIDO CON FORMATO
Nota de contenido con formato Chapter 8 Sound and Uncertainty in the Horror Films of the Lewton UnitChapter 9 Conducting the Composer: David O -- . Selznick and the Hollywood Film Score; Chapter 10 The Stanley Kubrick Experience: Music, Nuclear Bombs, Disorientation, and You; Chapter 11 The Filmmaker's Contract: Controlling Sonic Space in the Films of Peter Greenaway; Chapter 12 The Attractions of Repetition: Tarantino's Sonic Style; Chapter 13 Dream Timbre: Notes on Lynchian Sound Design; Lists of Contributors; Bibliography; Index.
520 ## - SUMARIO, ETC.
Sumario, etc. Music, Sound and Filmmakers: Sonic Style in Cinema is a collection of essays that examine the work of filmmakers whose concern is not just for the eye, but also for the ear. The bulk of the text focuses on the work of directors Wes Anderson, Ingmar Bergman, the Coen brothers, Peter Greenaway, Krzysztof Kieślowski, Stanley Kubrick, David Lynch, Quentin Tarantino, Andrey Tarkovsky and Gus Van Sant. Significantly, the anthology includes a discussion of films administratively controlled by such famously sound-conscious producers as David O. Selznick and Val Lewton. Written by the leading film music scholars from Europe, North America, and Australia, Music, Sound and Filmmakers: Sonic Style in Cinema will complement other volumes in Film Music coursework, or stand on its own among a body of research.
546 ## - NOTA DE LENGUA/LENGUAJE
Nota de lengua/lenguaje English
650 #0 - PUNTO DE ACCESO ADICIONAL DE MATERIA--TÉRMINO DE MATERIA
Término de materia o nombre geográfico como elemento de entrada Motion picture music.
9 (RLIN) 26703
650 #0 - PUNTO DE ACCESO ADICIONAL DE MATERIA--TÉRMINO DE MATERIA
Término de materia o nombre geográfico como elemento de entrada Sound in motion pictures.
9 (RLIN) 26704
700 ## - ENTRADA AGREGADA--NOMBRE PERSONAL
Nombre de persona Wierzbicki, James Eugene,
Término indicativo de función/relación editor.
9 (RLIN) 26705
830 #0 - PUNTO DE ACCESO ADICIONAL DE SERIE-TÍTULO UNIFORME
Título uniforme Routledge music and screen media series.
942 ## - ELEMENTOS DE ENTRADA AGREGADA (KOHA)
Fuente del sistema de clasificación o colocación Clasificación de Library of Congress
Holdings
Estado de retiro Estado de pérdida Fuente del sistema de clasificación o colocación Estado dañado No para préstamo Biblioteca de origen Biblioteca actual Fecha de adquisición Total de préstamos Signatura topográfica completa Fecha visto por última vez Número de copia Precio válido a partir de Tipo de ítem Koha Nota pública
    Clasificación de Library of Congress     TBS Barcelona TBS Barcelona 28/01/2026   ML2075.M87 MUS 28/01/2026 1 28/01/2026 Book SOON AVAILABLE

Powered by Koha